Classement Biathlon (Femmes) 2025/2026 - Statistiques

Statistiques générales
  • Ce quiz a été pris 73 fois
  • Le résultat moyen est 13 sur 15
Statistiques - réponses
Pays Biathlète % Correct
6ème France Julia Simon
100%
1er France Lou Jeanmonnot
100%
3ème Italie Lisa Vittozzi
97%
4ème Suède Elvira Oeberg
95%
2ème Suède Hanna Oeberg
95%
8ème France Océane Michelon
95%
5ème Finlande Suvi Minkkinen
92%
10ème France Camille Bened
90%
11ème France Justine Braisaz-Bouchet
90%
13ème Italie Dorothea Wierer
89%
7ème Suède Anna Magnusson
81%
9ème Norvège Maren Kirkeeide
68%
12ème Rép. Tchèque Tereza Vobornikova
61%
14ème Allemagne Vanessa Voigt
58%
15ème Slovaquie Paulina Batovska Fialkova
44%
Aucun quiz correspondant
Distribution des résultats
% des personnes avec chaque résultat
Percentile par nombre de réponses
Votre historique - résultats
Vous n’avez pas pris ce quiz